[Event "Agneaux St Lo op-B 14th"]
[Site "Agneaux"]
[Date "2012.07.10"]
[Round "4.3"]
[White "Siclet, Mathieu"]
[Black "Le Goff, Ronan"]
[Result "0-1"]
[WhiteElo "1924"]
[BlackElo "2124"]
[PlyCount "85"]
[EventDate "2012.07.08"]
[EventType "swiss"]
[EventRounds "8"]
[EventCountry "FRA"]
[SourceTitle "EXT 2014"]
[Source "ChessBase"]
[SourceDate "2013.11.20"]
[SourceVersion "1"]
[SourceVersionDate "2013.11.20"]
[SourceQuality "1"]

1. e4 e5 2. Nc3 Nf6 3. f4 d5 4. fxe5 Nxe4 5. Nf3 Be7 6. Qe2 Nxc3 7. dxc3 0-0 8. Bf4 c6 9. 0-0-0 b5 10. Kb1 a5 11. Qf2 Na6 12. Qg3 Kh8 13. Nd4 Qb6 14. Bd3 c5 15. Nf5 Bxf5 16. Bxf5 g6 17. Bh6 Rg8 18. Bd3 c4 19. Be3 Bc5 20. Bg5 cxd3 21. Bf6+ Rg7 22. Rxd3 Qe6 23. Rf1 Bf8 24. Qg5 Nc5 25. Rh3 Kg8 26. Qh6 Ne4 27. Kc1 Ra7 28. Rh4 Rc7 29. g4 b4 30. cxb4 axb4 31. Qe3 Qa6 32. Rf3 Qxa2 33. Kd1 Qxb2 34. Qc1 Nc3+ 35. Kd2 Nb1+ 36. Kd1 Qxc1+ 37. Kxc1 Na3 38. Rf2 b3 39. Rh3 Nxc2 40. Kb2 Nd4 41. e6 Nxe6 42. Rxb3 Nc5 43. Rc3 0-1

[Event "Rennes op 4th"]
[Site "Rennes"]
[Date "2011.07.22"]
[Round "9"]
[White "Siclet, Mathieu"]
[Black "Lebret, Jean Michel"]
[Result "1-0"]
[WhiteElo "1890"]
[BlackElo "2103"]
[PlyCount "65"]
[EventDate "2011.07.16"]
[EventType "swiss"]
[EventRounds "9"]
[EventCountry "FRA"]
[SourceTitle "CBM 143 Extra"]
[Source "ChessBase"]
[SourceDate "2011.08.29"]
[SourceVersion "1"]
[SourceVersionDate "2011.08.29"]
[SourceQuality "1"]

1. e4 e5 2. Nc3 Nf6 3. f4 d5 4. fxe5 Nxe4 5. Nf3 Be7 6. Qe2 Nxc3 7. dxc3 c6 8. Bf4 Na6 9. Qf2 Nc5 10. Qg3 Ne6 11. Be3 Bd7 12. Bd3 Qa5 13. 0-0 0-0-0 14. b4 Qa4 15. Ng5 Nxg5 16. Bxg5 Bxg5 17. Qxg5 Be6 18. Qxg7 Rhg8 19. Qf6 c5 20. Bxh7 Rh8 21. Bf5 Qd7 22. Rad1 Rh5 23. Bxe6 fxe6 24. c4 cxb4 25. cxd5 exd5 26. Rde1 Rg8 27. e6 Qd6 28. Qf4 Qc5+ 29. Rf2 Qc3 30. Re3 Qc7 31. Qf8+ Rxf8 32. Rxf8+ Qd8 33. e7 1-0

[Event "Rennes op 4th"]
[Site "Rennes"]
[Date "2011.07.20"]
[Round "6"]
[White "Jegourel, Cyrille"]
[Black "Siclet, Mathieu"]
[Result "1-0"]
[WhiteElo "2048"]
[BlackElo "1890"]
[PlyCount "83"]
[EventDate "2011.07.16"]
[EventType "swiss"]
[EventRounds "9"]
[EventCountry "FRA"]
[SourceTitle "CBM 143 Extra"]
[Source "ChessBase"]
[SourceDate "2011.08.29"]
[SourceVersion "1"]
[SourceVersionDate "2011.08.29"]
[SourceQuality "1"]

1. e4 c5 2. Nf3 d6 3. d4 cxd4 4. Nxd4 Nf6 5. Nc3 a6 6. g3 e5 7. Nde2 b5 8. Bg2 Bb7 9. h3 b4 10. Nd5 Nxd5 11. exd5 f5 12. Qd3 Qf6 13. Bd2 e4 14. Qd4 Qxd4 15. Nxd4 g6 16. Ne6 Kd7 17. Bxb4 Bxd5 18. Nxf8+ Rxf8 19. 0-0-0 Nc6 20. Ba3 Ne7 21. Rd4 Rf6 22. Rhd1 Rc8 23. Rxd5 Nxd5 24. Rxd5 Rc6 25. Bf1 Re6 26. Kd2 Re5 27. Rxe5 dxe5 28. Ke3 Rxc2 29. Bxa6 g5 30. Bb5+ Ke6 31. g4 f4+ 32. Kxe4 Rc1 33. b4 Re1+ 34. Kd3 e4+ 35. Kd4 e3 36. Bc4+ Kd6 37. b5+ Kc7 38. fxe3 Rxe3 39. Bc5 Kb8 40. b6 Rxh3 41. Bd5 Rh6 42. Ke5 1-0

[Event "Avoine op 25th"]
[Site "Avoine"]
[Date "2010.07.21"]
[Round "5"]
[White "Saatdjian, Thomas"]
[Black "Siclet, Mathieu"]
[Result "1-0"]
[WhiteElo "2369"]
[BlackElo "1845"]
[PlyCount "105"]
[EventDate "2010.07.17"]
[EventType "swiss"]
[EventRounds "9"]
[EventCountry "FRA"]
[SourceTitle "EXT 2011"]
[Source "ChessBase"]
[SourceDate "2010.11.26"]
[SourceVersion "1"]
[SourceVersionDate "2010.11.26"]
[SourceQuality "1"]

1. Nf3 Nf6 2. c4 e6 3. g3 Be7 4. Bg2 0-0 5. 0-0 d5 6. b3 c6 7. d4 Nbd7 8. Nbd2 b6 9. Qc2 Bb7 10. e4 dxe4 11. Nxe4 Nxe4 12. Qxe4 Nf6 13. Qe2 c5 14. dxc5 Bxc5 15. Bb2 Qe7 16. Rad1 Rad8 17. Ne5 Bxg2 18. Kxg2 Qb7+ 19. Qf3 Rb8 20. g4 h6 21. h4 a6 22. g5 hxg5 23. hxg5 Nh7 24. Nd7 Nxg5 25. Qxb7 Rxb7 26. Nxf8 Kxf8 27. Rd8+ Ke7 28. Ra8 a5 29. Bxg7 Rc7 30. Rd1 Nh7 31. Rh8 Ng5 32. f4 Ne4 33. Kf3 Nd6 34. Bf8+ Kd7 35. Rh7 Kc6 36. Bxd6 Bxd6 37. Rg1 Kc5 38. Rgg7 Kb4 39. Rxf7 Rxf7 40. Rxf7 Ka3 41. Rd7 Bb4 42. Ke4 Kxa2 43. Rd3 Kb2 44. Ke5 Bc3+ 45. Kxe6 Kxb3 46. f5 Kxc4 47. Rxc3+ Kxc3 48. f6 b5 49. f7 b4 50. f8Q a4 51. Qc5+ Kb3 52. Kd5 a3 53. Qc4+ 1-0

[Event "Morbihan-ch 0910"]
[Site "Morbihan"]
[Date "2010.03.06"]
[Round "5.10"]
[White "Rivalin, Patrick"]
[Black "Siclet, Mathieu"]
[Result "0-1"]
[WhiteElo "1578"]
[BlackElo "1842"]
[PlyCount "73"]
[EventDate "2009.10.10"]
[EventType "swiss"]
[EventRounds "7"]
[EventCountry "FRA"]
[SourceTitle "EXT 2014"]
[Source "ChessBase"]
[SourceDate "2013.11.20"]
[SourceVersion "1"]
[SourceVersionDate "2013.11.20"]
[SourceQuality "1"]

1. d4 Nf6 2. c4 e6 3. Nc3 Bb4 4. a3 Bxc3+ 5. bxc3 0-0 6. Nf3 Ne4 7. e3 f5 8. Bd3 b6 9. Qc2 Bb7 10. 0-0 d6 11. Nd2 Qh4 12. f4 Nxd2 13. Bxd2 Nd7 14. Be1 Qg4 15. Bg3 Rae8 16. Be2 Qg6 17. Bf3 Bxf3 18. Rxf3 Nf6 19. Qa4 Qf7 20. Qxa7 Ra8 21. Qb7 Ne4 22. Qc6 Ra5 23. Be1 Rfa8 24. a4 Kf8 25. g4 fxg4 26. Rf1 Nf6 27. c5 bxc5 28. dxc5 R8a6 29. Qb7 Ra7 30. Qc8+ Qe8 31. Qxe8+ Kxe8 32. cxd6 cxd6 33. Bh4 Nd5 34. c4 Nxe3 35. Bf2 Nxf1 36. Bxa7 Nd2 37. Bd4 0-1

[Event "Rennes op 2nd"]
[Site "Rennes"]
[Date "2009.07.20"]
[Round "6"]
[White "Siclet, Mathieu"]
[Black "Fomichenko, Svetlana"]
[Result "0-1"]
[WhiteElo "1816"]
[BlackElo "2245"]
[PlyCount "48"]
[EventDate "2009.07.15"]
[EventType "swiss"]
[EventRounds "9"]
[EventCountry "FRA"]
[SourceTitle "EXT 2011"]
[Source "ChessBase"]
[SourceDate "2010.11.26"]
[SourceVersion "1"]
[SourceVersionDate "2010.11.26"]
[SourceQuality "1"]

1. e4 c5 2. Nf3 Nc6 3. d4 cxd4 4. Nxd4 e5 5. Nb5 d6 6. a4 Be7 7. N1c3 a6 8. Na3 Be6 9. Nc4 h6 10. Be3 Nf6 11. Nb6 Rb8 12. Nbd5 0-0 13. Nxf6+ Bxf6 14. Nd5 Bxd5 15. exd5 Ne7 16. c4 e4 17. Rb1 Nf5 18. Qd2 Nh4 19. Rg1 Be5 20. h3 f5 21. Be2 Bh2 22. Kf1 f4 23. Bd4 Bxg1 24. Kxg1 Qg5 0-1

[Event "Rennes op 2nd"]
[Site "Rennes"]
[Date "2009.07.17"]
[Round "3"]
[White "Siclet, Mathieu"]
[Black "Ferrandi, Bernard"]
[Result "1-0"]
[WhiteElo "1816"]
[BlackElo "1912"]
[PlyCount "73"]
[EventDate "2009.07.15"]
[EventType "swiss"]
[EventRounds "9"]
[EventCountry "FRA"]
[SourceTitle "EXT 2011"]
[Source "ChessBase"]
[SourceDate "2010.11.26"]
[SourceVersion "1"]
[SourceVersionDate "2010.11.26"]
[SourceQuality "1"]

1. e4 e5 2. Nf3 Nc6 3. Bb5 a6 4. Ba4 Nf6 5. 0-0 b5 6. Bb3 Be7 7. Re1 d6 8. c3 Bg4 9. d3 a5 10. Nbd2 a4 11. Bc2 d5 12. Nf1 dxe4 13. dxe4 Bd6 14. h3 Bd7 15. Be3 Ne7 16. Ng3 0-0 17. Nh2 Qc8 18. Nh5 Nxh5 19. Qxh5 f5 20. Bg5 Ra6 21. Rad1 Ng6 22. Nf3 Bc5 23. Rf1 fxe4 24. Bxe4 Bf5 25. Bxf5 Rxf5 26. Qg4 Bd6 27. h4 Qf8 28. c4 Be7 29. Bxe7 Nxe7 30. cxb5 Rg6 31. Qc4+ Kh8 32. Qxc7 Ng8 33. Rd8 Rf7 34. Qc8 Qxd8 35. Qxd8 Rxf3 36. b6 Rf7 37. Rc1 1-0

[Event "FRA-ch U14"]
[Site "Aix les Bains"]
[Date "2009.04.23"]
[Round "6"]
[White "Siclet, Mathieu"]
[Black "Neri, Jean Baptiste"]
[Result "0-1"]
[WhiteElo "1835"]
[BlackElo "2009"]
[PlyCount "70"]
[EventDate "2009.04.19"]
[EventType "swiss"]
[EventRounds "9"]
[EventCountry "FRA"]
[SourceTitle "CBM 130 Extra"]
[Source "ChessBase"]
[SourceDate "2009.07.02"]
[SourceVersion "2"]
[SourceVersionDate "2009.07.15"]
[SourceQuality "1"]

1. e4 c5 2. Nf3 Nc6 3. d4 cxd4 4. Nxd4 g6 5. Nc3 Bg7 6. Nb3 Nf6 7. Be2 d6 8. 0-0 0-0 9. Re1 b6 10. Bf1 Bb7 11. Bg5 Na5 12. Rb1 Rc8 13. Bxf6 Bxf6 14. Nxa5 bxa5 15. Nd5 Bg7 16. Bd3 e6 17. Ne3 d5 18. exd5 exd5 19. Bf1 d4 20. Nc4 Rc5 21. Nd2 Qc7 22. Bd3 Qf4 23. Ne4 Re5 24. Qd2 Qh4 25. g3 Qe7 26. f3 Re8 27. Kf2 h6 28. Kf1 f5 29. Nf2 Bxf3 30. Rxe5 Qxe5 31. Re1 Qb8 32. b3 Rxe1+ 33. Qxe1 Bd5 34. Qxa5 Qe5 35. Qe1 Bg2+ 0-1

[Event "Fouesnant op 14th"]
[Site "Fouesnant"]
[Date "2008.10.31"]
[Round "8"]
[White "Joli, Laurent"]
[Black "Siclet, Mathieu"]
[Result "0-1"]
[WhiteElo "1925"]
[BlackElo "1776"]
[PlyCount "88"]
[EventDate "2008.10.25"]
[EventType "swiss"]
[EventRounds "9"]
[EventCountry "FRA"]
[SourceTitle "EXT 2009"]
[Source "ChessBase"]
[SourceDate "2008.11.26"]
[SourceVersion "1"]
[SourceVersionDate "2008.11.26"]
[SourceQuality "1"]

1. e4 e5 2. Nf3 Nc6 3. Bb5 a6 4. Ba4 Nf6 5. d3 b5 6. Bb3 Be7 7. Bd2 0-0 8. 0-0 d6 9. h3 Re8 10. Ng5 Rf8 11. a3 Nd4 12. Ba2 h6 13. c3 Nc6 14. Nf3 Bb7 15. Be3 Nb8 16. Nbd2 c5 17. c4 Nc6 18. b3 b4 19. a4 Ne8 20. Nh2 f5 21. exf5 Rxf5 22. Ne4 Nc7 23. Ng4 d5 24. Ng3 Rf8 25. Nh5 d4 26. Bd2 Bc8 27. Qe2 Bf6 28. Nhxf6+ gxf6 29. Nxh6+ Kg7 30. Qh5 Qe8 31. Nf5+ Bxf5 32. Qxf5 Ne7 33. Qg4+ Ng6 34. h4 Qe6 35. Qxe6 Nxe6 36. g3 Rh8 37. Rae1 Kf7 38. Bb1 Rag8 39. Bc2 Nxh4 40. Bd1 Nf4 41. Bxf4 exf4 42. Re4 fxg3 43. Rf4 g2 44. Re1 Nf3+ 0-1

[Event "Fouesnant op 14th"]
[Site "Fouesnant"]
[Date "2008.10.26"]
[Round "3"]
[White "Siclet, Mathieu"]
[Black "Berard, Serge"]
[Result "0-1"]
[WhiteElo "1776"]
[BlackElo "2081"]
[PlyCount "116"]
[EventDate "2008.10.25"]
[EventType "swiss"]
[EventRounds "9"]
[EventCountry "FRA"]
[SourceTitle "EXT 2009"]
[Source "ChessBase"]
[SourceDate "2008.11.26"]
[SourceVersion "1"]
[SourceVersionDate "2008.11.26"]
[SourceQuality "1"]

1. e4 Nc6 2. d4 d5 3. e5 Bf5 4. c3 e6 5. Nf3 Be7 6. Bd3 Bxd3 7. Qxd3 Qd7 8. Be3 Bd8 9. Nbd2 Nge7 10. Nb3 b6 11. Ng5 h6 12. Nh3 Nf5 13. f4 h5 14. Rc1 a5 15. a3 a4 16. Nd2 b5 17. Bf2 Na5 18. g3 Be7 19. Qf3 Rb8 20. Ng1 Nc4 21. Rc2 g6 22. h3 Qc6 23. g4 Ng7 24. Ne2 Kd7 25. Ng3 Nxd2 26. Kxd2 Bh4 27. Nxh5 Rxh5 28. gxh5 Bxf2 29. Qxf2 Nxh5 30. Rg1 Ng7 31. Qh4 Nh5 32. Rg5 Rh8 33. f5 exf5 34. Rc1 Qe6 35. b3 axb3 36. Rb1 Qc6 37. e6+ Qxe6 38. Re1 Qd6 39. Re5 Qxa3 40. Rxd5+ Kc6 41. Rc5+ Kb6 42. Qe1 Qa2+ 43. Ke3 b2 44. Rg1 Nf6 45. Qf1 Re8+ 46. Kf3 b1Q 47. Qxb1 Qe2+ 48. Kg3 Re3+ 49. Kf4 Rf3+ 50. Kg5 Ne4+ 51. Kh6 Rxh3+ 52. Kg7 Nxc5 53. dxc5+ Kxc5 54. Qb4+ Kc6 55. Kxf7 Qc4+ 56. Qxc4+ bxc4 57. Kxg6 Rxc3 58. Kxf5 Re3 0-1

[Event "FRA-ch U10"]
[Site "Le Grand Bornand"]
[Date "2007.04.??"]
[Round "3"]
[White "Loiseau, Quentin"]
[Black "Siclet, Mathieu"]
[Result "1-0"]
[WhiteElo "2010"]
[BlackElo "1780"]
[PlyCount "49"]
[EventDate "2007.04.07"]
[EventType "swiss"]
[EventRounds "9"]
[EventCountry "FRA"]
[SourceTitle "CBM 118 Extra"]
[Source "ChessBase"]
[SourceDate "2007.07.04"]
[SourceVersion "1"]
[SourceVersionDate "2007.07.04"]
[SourceQuality "1"]

1. e4 e5 2. Nf3 Nc6 3. Bb5 a6 4. Ba4 Nf6 5. 0-0 Be7 6. Re1 b5 7. Bb3 d6 8. h3 0-0 9. c3 Be6 10. d4 exd4 11. cxd4 Bxb3 12. Qxb3 d5 13. e5 Ne4 14. Nbd2 Bb4 15. Nxe4 Bxe1 16. Bg5 Qe8 17. Nf6+ gxf6 18. Bxf6 Bxf2+ 19. Kxf2 Qe6 20. Nh4 Ne7 21. Qg3+ Ng6 22. Qg5 Qb6 23. Rd1 Qc6 24. Qh6 Qc2+ 25. Kg3 1-0

[Event "Bretagne-ch U10"]
[Site "Ploermel"]
[Date "2007.02.16"]
[Round "6"]
[White "Siclet, Mathieu"]
[Black "Roussel, Yannis"]
[Result "1-0"]
[WhiteElo "1780"]
[BlackElo "1230"]
[PlyCount "33"]
[EventDate "2007.02.14"]
[EventType "tourn"]
[EventRounds "6"]
[EventCountry "FRA"]
[SourceTitle "EXT 2008"]
[Source "ChessBase"]
[SourceDate "2007.11.25"]
[SourceVersion "1"]
[SourceVersionDate "2007.11.25"]
[SourceQuality "1"]

1. e4 e5 2. Nf3 Nc6 3. Bc4 Nf6 4. d3 Bc5 5. 0-0 d6 6. Be3 b6 7. Re1 Bg4 8. c3 0-0 9. Nbd2 d5 10. exd5 Nxd5 11. Bxc5 bxc5 12. Qa4 Nde7 13. Nxe5 Nxe5 14. Rxe5 Qd6 15. d4 cxd4 16. cxd4 Qxd4 17. Bxf7+ 1-0

[Event "Bretagne-ch U10"]
[Site "Ploermel"]
[Date "2007.02.14"]
[Round "1"]
[White "Le Gallic, Xavier"]
[Black "Siclet, Mathieu"]
[Result "0-1"]
[WhiteElo "1510"]
[BlackElo "1780"]
[PlyCount "104"]
[EventDate "2007.02.14"]
[EventType "tourn"]
[EventRounds "6"]
[EventCountry "FRA"]
[SourceTitle "EXT 2008"]
[Source "ChessBase"]
[SourceDate "2007.11.25"]
[SourceVersion "1"]
[SourceVersionDate "2007.11.25"]
[SourceQuality "1"]

1. e4 e5 2. Nf3 Nc6 3. Bc4 Nf6 4. Nc3 d6 5. d3 Bg4 6. Be3 Be7 7. 0-0 a6 8. Nd5 Nxd5 9. Bxd5 Na5 10. Bd2 c6 11. Bxa5 Qxa5 12. Bb3 Qc7 13. Qd2 Bxf3 14. gxf3 h5 15. Kh1 a5 16. Rg1 a4 17. Bc4 b5 18. Bxf7+ Kxf7 19. f4 Rag8 20. Raf1 Bf6 21. fxe5 dxe5 22. f4 Ke8 23. fxe5 Qxe5 24. d4 Qxe4+ 25. Rg2 Kd7 26. Re1 Qd5 27. b3 axb3 28. axb3 c5 29. dxc5 Qxd2 30. Rxd2+ Kc6 31. b4 Re8 32. Rxe8 Rxe8 33. Rd6+ Kc7 34. Rb6 Re1+ 35. Kg2 Re2+ 36. Kh3 Rxc2 37. Rxb5 Be5 38. Kh4 Rxh2+ 39. Kg5 Bf6+ 40. Kf4 Rb2 41. Rb6 h4 42. Kg4 Rb3 43. b5 h3 44. Rc6+ Kd7 45. Rd6+ Ke7 46. b6 h2 47. Rd1 Rb5 48. Rc1 Rxc5 49. Rxc5 h1Q 50. Rc7+ Kd8 51. Rf7 Qg1+ 52. Kh5 Qg5# 0-1